<?xml version="1.0" encoding="UTF-8"?>
<record
    xmlns:xsi="http://www.w3.org/2001/XMLSchema-instance"
    xsi:schemaLocation="http://www.loc.gov/MARC21/slim http://www.loc.gov/standards/marcxml/schema/MARC21slim.xsd"
    xmlns="http://www.loc.gov/MARC21/slim">

  <leader>02090cam a22004333a 4500</leader>
  <controlfield tag="001">1552</controlfield>
  <controlfield tag="003">PGUSA</controlfield>
  <controlfield tag="005">20140828083003.0</controlfield>
  <controlfield tag="008">981201s1998||||xxu|||||s|||||000 1 eng d</controlfield>
  <datafield tag="040" ind1=" " ind2=" ">
    <subfield code="a">PGUSA</subfield>
    <subfield code="b">eng</subfield>
  </datafield>
  <datafield tag="042" ind1=" " ind2=" ">
    <subfield code="a">dc</subfield>
  </datafield>
  <datafield tag="050" ind1=" " ind2="4">
    <subfield code="a">PN</subfield>
  </datafield>
  <datafield tag="245" ind1="1" ind2="4">
    <subfield code="a">The Lock and Key Library :</subfield>
    <subfield code="b">The Most Interesting Stories of All Nations: North Europe &#x2014; Russian &#x2014; Swedish &#x2014; Danish &#x2014; Hungarian</subfield>
    <subfield code="h">[electronic resource]</subfield>
  </datafield>
  <datafield tag="260" ind1=" " ind2=" ">
    <subfield code="b">Project Gutenberg,</subfield>
    <subfield code="c">1998</subfield>
  </datafield>
  <datafield tag="500" ind1=" " ind2=" ">
    <subfield code="a">See also: #12144</subfield>
  </datafield>
  <datafield tag="505" ind1="0" ind2=" ">
    <subfield code="a">ALEXANDER SERGEIEVITCH PUSHKIN -- The Queen of Spades -- VERA JELIHOVSKY -- The General's Will -- FEODOR MIKHAILOVITCH DOSTOYEVSKY -- Crime and Punishment -- ANTON CHEKHOFF -- The Safety Match -- VSEVOLOD VLADIMIROVITCH KRESTOVSKI -- Knights of Industry -- JORGEN WILHELM BERGSOE -- The Amputated Arms -- OTTO LARSSEN -- The Manuscript -- BERNHARD SEVERIN INGEMANN -- The Sealed Room -- STEEN STEENSEN BLICHER -- The Rector of Veilbye -- HUNGARIAN MYSTERY STORIES -- FERENCZ MOLNAR -- The Living Death -- MAURUS JOKAI -- Thirteen at Table -- ETIENNE BARSONY -- The Dancing Bear -- ARTHUR ELCK -- The Tower Room</subfield>
  </datafield>
  <datafield tag="506" ind1=" " ind2=" ">
    <subfield code="a">Public domain in the USA.</subfield>
  </datafield>
  <datafield tag="516" ind1=" " ind2=" ">
    <subfield code="a">Electronic text</subfield>
  </datafield>
  <datafield tag="653" ind1=" " ind2=" ">
    <subfield code="a">Detective and mystery stories</subfield>
  </datafield>
  <datafield tag="653" ind1=" " ind2=" ">
    <subfield code="a">Fiction</subfield>
  </datafield>
  <datafield tag="653" ind1=" " ind2=" ">
    <subfield code="a">Short stories</subfield>
  </datafield>
  <datafield tag="700" ind1="1" ind2=" ">
    <subfield code="a">Hawthorne, Julian,</subfield>
    <subfield code="d">1846-1934</subfield>
  </datafield>
  <datafield tag="700" ind1="1" ind2=" ">
    <subfield code="a">Larssen, Otto,</subfield>
    <subfield code="d">1864-1910</subfield>
  </datafield>
  <datafield tag="700" ind1="1" ind2=" ">
    <subfield code="a">Barsony, Etienne</subfield>
  </datafield>
  <datafield tag="700" ind1="1" ind2=" ">
    <subfield code="a">Bergs&#xF8;e, Vilhelm,</subfield>
    <subfield code="d">1835-1911</subfield>
  </datafield>
  <datafield tag="700" ind1="1" ind2=" ">
    <subfield code="a">Zhelikhovskaia, V. P.</subfield>
    <subfield code="q">(Vera Petrovna),</subfield>
    <subfield code="d">1835-1896</subfield>
  </datafield>
  <datafield tag="700" ind1="1" ind2=" ">
    <subfield code="a">Elck, Arthur</subfield>
  </datafield>
  <datafield tag="700" ind1="1" ind2=" ">
    <subfield code="a">Ingemann, Bernhard Severin,</subfield>
    <subfield code="d">1789-1862</subfield>
  </datafield>
  <datafield tag="700" ind1="1" ind2=" ">
    <subfield code="a">J&#xF3;kai, M&#xF3;r,</subfield>
    <subfield code="d">1825-1904</subfield>
  </datafield>
  <datafield tag="700" ind1="1" ind2=" ">
    <subfield code="a">Dostoyevsky, Fyodor,</subfield>
    <subfield code="d">1821-1881</subfield>
  </datafield>
  <datafield tag="700" ind1="1" ind2=" ">
    <subfield code="a">Chekhov, Anton Pavlovich,</subfield>
    <subfield code="d">1860-1904</subfield>
  </datafield>
  <datafield tag="700" ind1="1" ind2=" ">
    <subfield code="a">Moln&#xE1;r, Ferenc,</subfield>
    <subfield code="d">1878-1952</subfield>
  </datafield>
  <datafield tag="700" ind1="1" ind2=" ">
    <subfield code="a">Krestovskii, Vs. Vl.</subfield>
    <subfield code="q">(Vsevolod Vladim&#x12B;rovich),</subfield>
    <subfield code="d">1840-1895</subfield>
  </datafield>
  <datafield tag="700" ind1="1" ind2=" ">
    <subfield code="a">Pushkin, Aleksandr Sergeevich,</subfield>
    <subfield code="d">1799-1837</subfield>
  </datafield>
  <datafield tag="700" ind1="1" ind2=" ">
    <subfield code="a">Blicher, Steen Steensen,</subfield>
    <subfield code="d">1782-1848</subfield>
  </datafield>
  <datafield tag="830" ind1=" " ind2="0">
    <subfield code="a">Project Gutenberg</subfield>
    <subfield code="v">1552</subfield>
  </datafield>
  <datafield tag="856" ind1="4" ind2="0">
    <subfield code="u">http://www.gutenberg.org/ebooks/1552</subfield>
  </datafield>
  <datafield tag="942" ind1=" " ind2=" ">
    <subfield code="c">EB</subfield>
  </datafield>
  <datafield tag="999" ind1=" " ind2=" ">
    <subfield code="c">230900</subfield>
    <subfield code="d">230900</subfield>
  </datafield>
  <datafield tag="952" ind1=" " ind2=" ">
    <subfield code="0">0</subfield>
    <subfield code="1">0</subfield>
    <subfield code="4">0</subfield>
    <subfield code="a">GTB</subfield>
    <subfield code="b">GTB</subfield>
    <subfield code="d">2014-08-28</subfield>
    <subfield code="l">0</subfield>
    <subfield code="r">2014-08-28 00:00:00</subfield>
    <subfield code="w">2014-08-28</subfield>
    <subfield code="y">EB</subfield>
  </datafield>
</record>
